Redes de computadoras (Registro nro. 22223)
[ vista simple ]
| 000 -Cabecera | |
|---|---|
| Campo de control interno | 00867nam a22002657a 4500 |
| 005 - Fecha y hora del registro | |
| control field | 20260416175935.0 |
| 008 - Elementos de Longitud Fija | |
| fixed length control field | 260414b |||||||| |||| 00| 0 spa d |
| 020 ## - ISBN | |
| ISBN | 9786073259293 |
| 082 ## - DEWEY y NOTACIÓN INTERNA | |
| Dewey | 004.6 |
| Notación Interna | T19 |
| 100 ## - AUTOR | |
| Autor denominación | Tanenbaum, Andrew S. |
| 245 ## - TÍTULO DE MATERIAL BIBLIOGRÁFICO | |
| Título | Redes de computadoras |
| 250 ## - EDICIÓN | |
| Edición | Primera edición |
| 260 ## - CIUDAD, EDITORIAL, AÑO | |
| Ciudad | Ciudad de México : |
| Nombre de la Editorial | Pearson Educación, |
| Año | 2023 |
| 300 ## - DESCRIPCIÓN | |
| N° Páginas | xxii, 922 páginas : |
| Otros detalles | ilustraciones, cuadros, gráficos ; |
| Dimensiones | 26 cm. |
| 440 ## - MENCIÓN DE SERIE | |
| Título de la Serie | ; |
| 650 ## - TEMAS | |
| Temas | Generalidades |
| 653 ## - DESCRIPTORES | |
| Lenguajes no controlado | Ciencia de la computación; Redes de computadoras |
| 654 ## - PROGRAMAS | |
| Programa | Dpto. de Computación |
| 700 ## - OTROS AUTORES | |
| Otros autores | Feamster, Nick |
| Termino Relacionado | autor |
| 700 ## - OTROS AUTORES | |
| Otros autores | Wetherall, David |
| Termino Relacionado | autor |
| 700 ## - OTROS AUTORES | |
| Otros autores | Portillo Campos, Vilma |
| Termino Relacionado | traductor |
| 856 ## - URL - UBICACIÓN | |
| URI/URL: Enlace exacto del recurso | <a href="https://dl.acm.org/action/doSearch?AllField=REDES+DE+COMPUTADORAS">https://dl.acm.org/action/doSearch?AllField=REDES+DE+COMPUTADORAS</a> |
| Nota pública: Versión digital | <a href="Véase además: Base de datos AMC DL">Véase además: Base de datos AMC DL</a> |
| 942 ## - ELEMENTOS DE KOHA | |
| Tipo de documento | Libro |
| Nombre del creador | Justo Noguera |
| Código de catalogador | Mirtha Ponce |
| Suppress in OPAC | No |
| Esquema de clasificación | Dewey Decimal Classification |
| Codigo completo | Registro | Colección | Copia número | Disponibilidad | Tipo de préstamo | Biblioteca Actual | Procedencia (Biblioteca) | Ubicacón | Fecha Ingreso | Tipo de Adquisición | Observación | Date last seen | Total checkouts | Price effective from | Tipo de Item | Estado del Material | Fuente de Clasificación | Damaged status | Withdrawn status |
|---|---|---|---|---|---|---|---|---|---|---|---|---|---|---|---|---|---|---|---|
| 004.6 T19 | 1088406 | Universidad Católica San Pablo | 1 | No disponible | Proceso | Víctor Andrés Belaunde | Víctor Andrés Belaunde | Segundo piso | 14/04/2026 | Compra | Ingeniería electrónica | 14/04/2026 | 14/04/2026 | Libro | Bueno | Dewey Decimal Classification | Withdrawn |




